Inventi Impact Nursing Research (Record no. 370309)

MARC details
000 -LEADER
fixed length control field 00389nam a22001457a 4500
003 - CONTROL NUMBER IDENTIFIER
control field OSt
005 - DATE AND TIME OF LATEST TRANSACTION
control field 20260204122945.0
008 - FIXED-LENGTH DATA ELEMENTS--GENERAL INFORMATION
fixed length control field 260204b |||||||| |||| 00| 0 eng d
100 ## - MAIN ENTRY--PERSONAL NAME
Personal name Iyer, Ravi
245 ## - TITLE STATEMENT
Title Inventi Impact Nursing Research
Remainder of title January to December 2023
260 ## - PUBLICATION, DISTRIBUTION, ETC. (IMPRINT)
Place of publication, distribution, etc. Bhopal
Name of publisher, distributor, etc. Inventi Journal
Date of publication, distribution, etc. 2023
300 ## - PHYSICAL DESCRIPTION
Extent 260P.
651 ## - SUBJECT ADDED ENTRY--GEOGRAPHIC NAME
Geographic name Nursing Research
9 (RLIN) 216593
942 ## - ADDED ENTRY ELEMENTS (KOHA)
Source of classification or shelving scheme Dewey Decimal Classification
Koha item type Bound Volume
Holdings
Withdrawn status Lost status Source of classification or shelving scheme Damaged status Not for loan Home library Current library Date acquired Total Checkouts Full call number Barcode Date last seen Bill Date Koha item type
    Dewey Decimal Classification     Sitabai Nargundkar College of Nursing Nagpur Sitabai Nargundkar College of Nursing Nagpur 01/12/2025   610 IYE SNCN-BV-132 04/02/2026 01/12/2025 Bound Volume